| 000 | 00685nam a2200205 a 4500 | ||
|---|---|---|---|
| 001 | 000009979 | ||
| 005 | 20240412074214.0 | ||
| 008 | 091002s2006 dr 000 0 spa d | ||
| 040 |
_aDO-SdBNP _bspa _cBNPHU |
||
| 082 |
_aRD861.44 _bG463r |
||
| 100 | 1 |
_aGil, Orlando, _d1949- _924925 |
|
| 245 | 1 | 4 |
_aLas raíces del viento : _bantología personal (1977-2006) / _cOrlando Gil. |
| 260 |
_aSanto Domingo : _bLozano, _c2006. |
||
| 300 |
_a173 p. : _b22 cm. |
||
| 500 | _aIncluye datos biográficos del autor en la contracubierta | ||
| 590 | _aInventariado, 2018/LP | ||
| 650 | 0 |
_aPoesía dominicana _966 |
|
| 650 | 0 |
_aLiteratura dominicana. _967 |
|
| 910 | _aValidado. Control de calidad BNPH | ||
| 999 |
_c9738 _d9738 |
||